| 000 | 00983nam0a22002531 4500 | ||
|---|---|---|---|
| 001 | rc\4117208 | ||
| 005 | 20250611095909.0 | ||
| 021 |
_aRU _b[51-29456] |
||
| 035 | _a(NLR Aleph) 008149694 | ||
| 090 |
_a7776423 _c7776423 |
||
| 100 | _a20130415d1951 |||y0rusy50 ca | ||
| 101 | 0 | _arus | |
| 102 | _aRU | ||
| 105 | _ay z ||||| | ||
| 200 | 1 |
_aО международном положении _e(В помощь лектору и докладчику) _fОтд. пропаганды и агитации Курган. обкома ВКП(б) |
|
| 210 |
_aКурган _cБ. и. _d1951 |
||
| 215 |
_a38 с. _d19 |
||
| 606 |
_aМеждународное положение _z1951 _jМатериалы для докладов, лекций и т. п. _2psbo |
||
| 712 | 0 | 2 | _aВКП(б). Курганский обл. ком. Отд. пропаганды и агитации |
| 801 | 0 |
_aRU _bNLR _gpsbo |
|
| 801 | 1 |
_aRU _bELAR _2rusmarc |
|
| 852 |
_aNLR _jИ24 Г-4/319 |
||
| 942 | _cBOOK | ||
| 980 | _aNB | ||